Normal view
MARC view
- التهاب الكبد
Entry Topical Term
001 - CONTROL NUMBER
- control field: 7110
003 - CONTROL NUMBER IDENTIFIER
- control field: JO-AjAnu
005 - DATE AND TIME OF LATEST TRANSACTION
- control field: 20230606071442.0
008 - FIXED-LENGTH DATA ELEMENTS
- fixed length control field: 230606|| aca||aabn | a|a d
040 ## - CATALOGING SOURCE
- Original cataloging agency: JO-AjAnu
- Transcribing agency: JO-AjAnu
150 ## - HEADING--TOPICAL TERM
- Topical term or geographic name entry element: التهاب الكبد
670 ## - SOURCE DATA FOUND
- Source citation: Work cat.: (JO-AjAnu)3680: التواتي ، عادل ابراهيم/ عبد الناصر يوسف الزوكى, author 7109, التهاب الكبد الفيروسي الجيمي